Sekcia akupunkturistov SLK

Bibliographic Details
Main Author: Ondrejkovičová, Alena (Author)
Format: Article
Language:Slovak
PhysicalDescription:Fotogr.
ISSN:1335-7123
Subjects:

MARC

LEADER 00000nab a2200000 a 4500
001 vtls000743878
003 SK-MaSNL
005 20260302193826.0
008 160324c2000 xo 0 slo
015 |a SNBRB2001/01-00089 
035 |a CLN000095715 
040 |a SNKBUCL  |b slo  |c SNKBUCL  |e AACR2 
041 0 |a slo 
044 |a xo  |c SK 
080 |a 614.258(437.6)  |2 1997 
080 |a 61:061.22(437.6):615.814.1  |2 1997 
080 |a 615.814.1  |2 1997 
100 1 |a Ondrejkovičová, Alena  |4 aut  |9 420576 
245 1 0 |a Sekcia akupunkturistov SLK  |c Alena Ondrejkovičová 
300 |b Fotogr. 
610 7 |a Slovenská lekárska komora  |b Sekcia akupunktúry  |2 snkbucl  |9 913070 
655 7 |a články z novín a časopisov  |2 snkbucl  |9 267496 
773 0 |x 1335-7123  |t Konzílium  |g Roč. 1, č. 1 (2000), s. 43 
850 |a Slovenská národná knižnica v Martine 
852 |a SNK  |b KIS3GCP 
958 |a MI 
958 |a SK 
958 |a RBX 
999 |c 1446050  |d 1447980